Normal view
MARC view
Entry Corporate Name
001 - CONTROL NUMBER
- control field: 94962
003 - CONTROL NUMBER IDENTIFIER
- control field: OSt
005 - DATE AND TIME OF LATEST TRANSACTION
- control field: 20220918200630.0
008 - FIXED-LENGTH DATA ELEMENTS
- fixed length control field: 220918|| aca||aabn | a|a d
040 ## - CATALOGING SOURCE
- Original cataloging agency: OSt
- Transcribing agency: OSt
110 ## - HEADING--CORPORATE NAME
- Corporate name or jurisdiction name as entry element: International Symposium 1, On Rocket And Satellite Meteorology, 1962 (Washington)
670 ## - SOURCE DATA FOUND
- Source citation: Work cat.: (OSt)213321: International Symposium 1, On Rocket And Satellite Meteorology, 1962 (Washington), Rocket and Satellite meteorology; Proceedings ed H Wexler and J E Caskey Jt., 1963
